000 00471nam a2200193Ia 4500
003 OSt
005 20221005130939.0
006 a|||||r|||| 00| 0
007 ta
008 221004b |||||||| |||| 00| 0 eng d
024 _a112756
037 _cTextual
040 _aCRL
_cCRL
_beng
041 _2eng
_aeng
100 _aMoha Pattra Jad Nath Das
_9638899
245 0 _aSatatala Panka
942 _cTEXL
_2cc
999 _c1058886
_d1058886